| 000 | 00366nam a22001457a 4500 | ||
|---|---|---|---|
| 999 |
_c2656 _d2656 |
||
| 008 | 200312b ||||| |||| 00| 0 eng d | ||
| 082 | 0 | 0 |
_a664.8 _bR2889 |
| 100 |
_92250 _aReay, G. A. |
||
| 245 | 1 | 0 |
_a(The) Freezing and cold storage of fish _cby G. A. Reay |
| 260 |
_aLondon _bHMSO _c1950 |
||
| 300 | _a20 p. | ||
| 365 | _d0.6 | ||
| 650 | 0 | _aCold storage | |
| 942 | _cBK | ||